Les villes les plus nulles du 95 - Statistiques

Statistiques générales
  • Ce quiz a été pris 24 fois
  • Le résultat moyen est 4 sur 8
Statistiques - réponses
Ville % Correct
1 Sarcelles
86%
6 Argenteuil
81%
2 Cergy
71%
5 Villiers le bel
48%
7 Gonesse
43%
3 Garge les gonesse
19%
8 Persan
14%
4 Ezanville
10%
Aucun quiz correspondant
Distribution des résultats
% des personnes avec chaque résultat
Percentile par nombre de réponses
Votre historique - résultats
Vous n’avez pas pris ce quiz